De la consulta previa al consentimiento libre, previo e informado a pueblos indígenas en Colombia (Registro nro. 8684)
[ vista simple ]
| 000 -CABECERA | |
|---|---|
| Campo de control | 01984nam a22002657a 4500 |
| 005 - FECHA Y HORA DE LA ULTIMA TRANSACCION | |
| Campo de control | 20141204083337.0 |
| 008 - ELEMENTOS DE LONGITUD FIJA—INFORMACION GENERAL | |
| Campo de control | 120914s2014 ck gr 00010 spa d |
| 020 ## - ISBN | |
| ISBN | 9789587493522 |
| 040 ## - FUENTE DE CATALOGACIÓN | |
| Agencia transcriptora | CO-BoIH |
| 041 ## - IDIOMA | |
| Código de idioma para texto/pista de sonido o título separado | Español |
| 044 ## - PAÍS DE PUBLICACIÓN | |
| País de publicación | Colombia |
| 082 04 - NUMERO DE CLASIFICACION DECIMAL DEWEY | |
| Número de clasificación | 349.861 |
| Número del ítem | R69c |
| 100 1# - ASIENTO PRINCIPAL--NOMBRE PERSONAL | |
| Nombre personal | Rodríguez, Gloria Amparo |
| 245 16 - MENCION DE TITULO | |
| Título | De la consulta previa al consentimiento libre, previo e informado a pueblos indígenas en Colombia |
| Mención de responsabilidad | Gloria Amparo Rodríguez |
| 260 ## - PUBLICACION, DISTRIBUCION, ETC. (PIE DE IMPRENTA) | |
| Lugar de publicación, distribución, etc. | Bogotá : |
| Nombre del editor, distribuidor, etc. | Universidad del Rosario, |
| -- | Cooperación Alemana, |
| -- | Giz, |
| Fecha de publicación, distribución, etc. | 2014. |
| 300 ## - DESCRIPCION FISICA | |
| Extensión | 308 p. |
| Otros detalles físicos | fot. (col), tablas |
| Dimensiones | 24 cm. |
| 490 ## - MENCION DE SERIE | |
| Mención de serie | Colección Diversidad Étnica y Cultural |
| Designación numérica/secuencial del volumen | 1 |
| 505 ## - NOTA DE CONTENIDO | |
| Nota de contenido | 1. El derecho fundamental a la consulta previa<br/>2. Criterios mínimos que guían una consulta adecuada<br/>3. El derecho a la consulta previa conforma el bloque de constitucionalidad<br/>4. Fundamentos constitucionales y legales<br/>5. Aplicación de la consulta previa<br/>6. Ambito temático o casos en los que es obligatoria la consulta previa<br/>7. Implementación de la consulta previa<br/>8. Análisis de las consultas previas efectuadas en los procesos de licenciamiento ambiental<br/>9. El interés general vs. el interés particular en los conflictos ambientales la consulta previa<br/>10. Limitaciones de la consulta previa<br/>11. La judicialización de los conflictos ambientales<br/>12. Asuntos pro resolver en materias de consulta previa<br/>13. El dilema de la reglamentación de la consulta previa<br/>14. De la consulta previa al consentimiento libre, previo e informado.<br/>15. Estado de cosas inconstitucional en materia de consulta previa<br/>16. Conclusiones y recomendaciones |
| 650 #4 - ASIENTO SECUNDARIO DE MATERIA - TERMINO TEMATICO | |
| Término temático o nombre geográfico como elemento de entrada | Indígenas de Colombia |
| Subdivisión general | Legislación |
| 650 #4 - ASIENTO SECUNDARIO DE MATERIA - TERMINO TEMATICO | |
| Término temático o nombre geográfico como elemento de entrada | Derechos humanos |
| Subdivisión geográfica | Colombia |
| 650 #4 - ASIENTO SECUNDARIO DE MATERIA - TERMINO TEMATICO | |
| Término temático o nombre geográfico como elemento de entrada | Derechos de los indígenas |
| Subdivisión geográfica | Colombia |
| Subdivisión de forma | Jurisprudencia |
| 650 #4 - ASIENTO SECUNDARIO DE MATERIA - TERMINO TEMATICO | |
| Término temático o nombre geográfico como elemento de entrada | Jurisprudencia etnológica |
| Subdivisión geográfica | Colombia |
| 650 #4 - ASIENTO SECUNDARIO DE MATERIA - TERMINO TEMATICO | |
| Término temático o nombre geográfico como elemento de entrada | Consulta previa |
| Subdivisión general | Legislación |
| Subdivisión geográfica | Colombia |
| 942 ## - ELEMENTOS ADICIONALES (KOHA) | |
| Sistema de clasificación | Dewey Decimal Classification |
| Tipo de ítem | Libro |
| Withdrawn status | Lost status | Sistema de Clasificación | Damaged status | No para préstamo | Colección | Inventariado | Ubicación Permanente | Ubicación actual | Fecha de adquisición | Fuente de Valor | Valor | Total Checkouts | Número topográfico | Inventario / Código de Barras | Date last seen | Ejemplar | Price effective from | Forma de adquisición | Tipo de material |
|---|---|---|---|---|---|---|---|---|---|---|---|---|---|---|---|---|---|---|---|
| Dewey Decimal Classification | General | Inventariado 2017 | Bogotá | Bogotá | 12/09/2014 | Instituto | 39000.00 | LB-349.861 R69c | 038356 | 12/09/2014 | Ej. 1 | 12/09/2014 | Libro | ||||||
| Dewey Decimal Classification | General | Inventariado 2017 | Bogotá | Bogotá | 09/07/2015 | Instituto | 39000.00 | LB-349.861 R69c | 038901 | 09/07/2015 | Ej. 2 | 09/07/2015 | Libro |